| 000 | 00522nam a22001817a 4500 | ||
|---|---|---|---|
| 005 | 20251108172541.0 | ||
| 008 | 250721s9999 xx 000 0 ara d | ||
| 082 | 1 | 4 | _a783.7/ناص |
| 100 | 1 | _aناصيف، إميل | |
| 245 | 1 | 0 | _aأروع ما قيل من أغان وأشعار للأطفال / |
| 264 | 1 |
_aبيروت : _bدار الجيل، _c[19-]. |
|
| 300 | _a128 ص. | ||
| 650 | 1 | 7 | _aالغناء |
| 650 | 1 | 7 | _aالشعر العربي |
| 650 | 1 | 7 | _aأدب الأطفال |
| 942 |
_2ddc _cBK |
||
| 999 |
_c82263 _d82263 |
||